000 00665nam a2200253Ia 4500
003 OSt
005 20221007114444.0
006 a|||||r|||| 00| 0
007 ta
008 221006b |||||||| |||| 00| 0 eng d
024 _a34,027
037 _cTextual
040 _aLCO
_cLCO
_beng
041 _2eng
_aeng
082 _aY15:45, Q2
100 _aTripathi S.C
_9204136
245 0 _aLaw Relating to Women and Children
250 _a1st
260 _aAllahabad
_bCentral law Publication India
_c2012
300 _a536
650 _aWOMEN AND CHILDREN
_9704487
942 _hY15:45, Q2
_cTEXL
999 _c1203590
_d1203590